Una propuesta de tipología de las políticas sociales en Chile

Furkejuvvon:
Bibliográfalaš dieđut
Váldodahkkit: Schkolnik, Mariana (Dahkki), Bonnefoy, Josiane (Dahkki)
Materiálatiipa: Girji
Giella:espánnjágiella
Almmustuhtton: Santiago Unicef 1994
Fáttát:
Fáddágilkorat: Lasit fáddágilkoriid
Eai fáddágilkorat, Lasit vuosttaš fáddágilkora!

MARC

LEADER 00000nam a2200000 a 4500
001 UCP6155
003 CL-VaPUC
008 991015e19940000CL |||||||||||||||||spa|d
082 0 4 |a 361.1  |b SCH  |2 21 
100 0 |a Schkolnik, Mariana  |e author  |9 435039 
700 0 |a Bonnefoy, Josiane  |e author  |9 435040 
245 1 4 |a Una propuesta de tipología de las políticas sociales en Chile 
300 |a 44 p 
942 |c BK 
945 |d 19991015 00:00:00  |a rbrito 
260 |a Santiago  |b Unicef  |c 1994 
650 0 |a Políticas sociales  |9 358116 
650 0 |a Mujeres  |9 257649 
650 7 |a INFANCIA  |2 CL-VaPUC  |9 435041 
650 0 |a Nutrición   |9 259434 
650 0 |a Educación  |9 258661 
651 7 |a CHILE  |2 CL-VaPUC  |9 435042 
583 |a last modification  |c 19991015 00:00:00  |k Rodrigo Vera 
999 |c 283769  |d 283767 
952 |0 0  |1 0  |4 0  |6 361_100000000000000_SCH_1994  |7 0  |8 A  |9 327213  |a BIBEDU  |b BIBEDU  |d 2019-11-20  |i 3499634  |o 361.1 SCH 1994  |p 3499634  |r 2019-11-20  |w 2019-11-20  |y BK  |k BME